MARC details
| 000 -LEADER |
| fixed length control field |
01861cam a22004217a 4500 |
| 001 - CONTROL NUMBER |
| control field |
16128259 |
| 003 - CONTROL NUMBER IDENTIFIER |
| control field |
ARRUPE |
| 005 - DATE AND TIME OF LATEST TRANSACTION |
| control field |
20161129123016.0 |
| 008 - FIXED-LENGTH DATA ELEMENTS--GENERAL INFORMATION |
| fixed length control field |
100310s2009 gw b 000 0 eng d |
| 010 ## - LIBRARY OF CONGRESS CONTROL NUMBER |
| LC control number |
2010291847 |
| 020 ## - INTERNATIONAL STANDARD BOOK NUMBER |
| International Standard Book Number |
9783631589939 (pbk.) |
| 020 ## - INTERNATIONAL STANDARD BOOK NUMBER |
| International Standard Book Number |
363158993X (pbk.) |
| 035 ## - SYSTEM CONTROL NUMBER |
| System control number |
(OCoLC)ocn489087275 |
| 040 ## - CATALOGING SOURCE |
| Original cataloging agency |
OHX |
| Transcribing agency |
OHX |
| Modifying agency |
INU |
| -- |
BTCTA |
| -- |
BHA |
| -- |
DLC |
| 042 ## - AUTHENTICATION CODE |
| Authentication code |
lccopycat |
| 043 ## - GEOGRAPHIC AREA CODE |
| Geographic area code |
f-nr--- |
| 050 00 - LIBRARY OF CONGRESS CALL NUMBER |
| Classification number |
BP172 |
| Item number |
.E95 2009 |
| 072 #7 - SUBJECT CATEGORY CODE |
| Subject category code |
BR |
| Source |
lcco |
| 072 #7 - SUBJECT CATEGORY CODE |
| Subject category code |
BP |
| Source |
lcco |
| 082 04 - DEWEY DECIMAL CLASSIFICATION NUMBER |
| Classification number |
261.2709669 |
| Edition number |
22 |
| 300 ## - PHYSICAL DESCRIPTION |
| Dimensions |
21 cm. |
| 100 1# - MAIN ENTRY--PERSONAL NAME |
| Personal name |
Ezegbobelu, Edmund Emeka. |
| 9 (RLIN) |
27728 |
| 245 10 - TITLE STATEMENT |
| Title |
Challenges of interreligious dialogue : |
| Remainder of title |
between the Christian and the Muslim communities in Nigeria / |
| Statement of responsibility, etc |
Edmund Emeka Ezegbobelu. |
| 260 ## - PUBLICATION, DISTRIBUTION, ETC. (IMPRINT) |
| Place of publication, distribution, etc |
Frankfurt am Main : |
| Name of publisher, distributor, etc |
Lang, |
| Date of publication, distribution, etc |
c2009. |
| 300 ## - PHYSICAL DESCRIPTION |
| Extent |
xii, 281 p. ; |
| 490 1# - SERIES STATEMENT |
| Series statement |
Europäische Hochschulschriften. Reihe XXIII, Theologie ; |
| Volume number/sequential designation |
v. 898 = |
| Series statement |
Publications universitaires Europeennes. Serie 23, Theologie ; |
| Volume number/sequential designation |
v. 898 = |
| Series statement |
European university studies. Series 23, Theology ; |
| Volume number/sequential designation |
v. 898 |
| 500 ## - GENERAL NOTE |
| General note |
Originally presented as the author's thesis (doctoral)-Univ. Frankfurt (Main), 2009. |
| 504 ## - BIBLIOGRAPHY, ETC. NOTE |
| Bibliography, etc |
Includes bibliographical references (p. 266-281). |
| 650 #0 - SUBJECT ADDED ENTRY--TOPICAL TERM |
| Topical term or geographic name as entry element |
Christianity and other religions |
| Geographic subdivision |
Nigeria. |
| 9 (RLIN) |
27729 |
| 650 #0 - SUBJECT ADDED ENTRY--TOPICAL TERM |
| Topical term or geographic name as entry element |
Islam |
| Geographic subdivision |
Nigeria |
| General subdivision |
Relations |
| -- |
Christianity. |
| 9 (RLIN) |
27730 |
| 650 #0 - SUBJECT ADDED ENTRY--TOPICAL TERM |
| Topical term or geographic name as entry element |
Dialogue |
| General subdivision |
Religious aspects. |
| 9 (RLIN) |
27731 |
| 650 #0 - SUBJECT ADDED ENTRY--TOPICAL TERM |
| Topical term or geographic name as entry element |
Religious pluralism |
| General subdivision |
Social aspects |
| Geographic subdivision |
Nigeria. |
| 9 (RLIN) |
27732 |
| 650 #0 - SUBJECT ADDED ENTRY--TOPICAL TERM |
| Topical term or geographic name as entry element |
Religious tolerance |
| General subdivision |
Social aspects |
| Geographic subdivision |
Nigeria. |
| 9 (RLIN) |
27733 |
| 830 #0 - SERIES ADDED ENTRY--UNIFORM TITLE |
| Uniform title |
Europäische Hochschulschriften. |
| Number of part/section of a work |
Reihe XXIII, |
| Name of part/section of a work |
Theologie ; |
| Volume number/sequential designation |
Bd. 898. |
| 9 (RLIN) |
27734 |
| 906 ## - LOCAL DATA ELEMENT F, LDF (RLIN) |
| a |
7 |
| b |
cbc |
| c |
copycat |
| d |
3 |
| e |
ncip |
| f |
20 |
| g |
y-gencatlg |
| 936 ## - OCLC/CONSER MISCELLANEOUS DATA (OCLC); PIECE USED FOR CATALOGING (pre-AACR2) (RLIN) |
| OCLC control number(s) of parallel record(s) (OCLC); Piece used for cataloging, PUC (RLIN) |
PR 501321649 |
| 942 ## - ADDED ENTRY ELEMENTS (KOHA) |
| Source of classification or shelving scheme |
Library of Congress Classification |
| Koha item type |
Monograph ( Printed materials) |